000 00644nam a2200205 a 4500
005 20240925065420.0
008 991125s1974 mx 000 0 spa u
035 _aUPN01000054621
049 _aCG
050 4 _aHM281
_bS6.78
245 0 0 _aSociología y revolución :
_bcoloquio de Cabris /
_cJean Pronteau ... [et al.] ; tr. de Carlos Castro.
260 _aMéxico :
_bGrijalbo,
_c1974.
300 _a378 p.
440 0 _aTeoría y praxis ;
_v1
650 4 _aREVOLUCIONES -
_vDISCURSOS, ENSAYOS, CONFERENCIAS, ETC.
650 2 _aConflicto social
_96949
650 4 _aSocialismo
_97360
700 1 _aPronteau, Jean,
_ecoaut.
905 _aLibro
999 _c54621
_d54621